| 000 | 00340nam a2200145Ia 4500 | ||
|---|---|---|---|
| 008 | 230917s9999||||xx |||||||||||||| ||und|| | ||
| 040 |
_e137513 _aMAIN |
||
| 041 | _aEnglish | ||
| 082 | _a658.3 R18F | ||
| 100 | _aRao, T V | ||
| 245 | 0 | _aFuture of H R D | |
| 260 |
_aNew Delhi _bMacmillan India _c2007 |
||
| 300 | _av,218 p. | ||
| 942 | _cBK | ||
| 999 |
_c139293 _d139293 |
||